| 000 | 01117cam a2200265 4500 | ||
|---|---|---|---|
| 001 | ABS65605 | ||
| 008 | 020628n2002 000 0 eng u | ||
| 035 | _a(Sirsi) u118579 | ||
| 100 | _aLane, T. | ||
| 245 | _aHow green is your property? | ||
| 260 | _c2002 | ||
| 490 |
_aBuilding _v267(8236) 31 May 2002, (58-9(2) |
||
| 520 | _aA new EU directive the "Energy performance of buildings" to promote energy efficiency will mean that every building in the EU will have to be tested for its energy efficiency when it is built, sold or rented out. Contractors will view the directive as good news because substandard buildings will have to be brought up to scratch. But developers may see it as bad news, as buildings that fail to make the grade may have to be demolished. | ||
| 590 | _aABS | ||
| 650 | _aEU DIRECTIVES | ||
| 650 | _aBUILDINGS | ||
| 650 | _aCONTRACTORS | ||
| 650 | _aDEVELOPERS | ||
| 650 | _aVALUE | ||
| 650 | _aENERGY PERFORMANCE | ||
| 650 | _aCARBON TRADING | ||
| 650 | _aENERGY AUDITS | ||
| 690 | _aENVIRONMENTAL AND LAND CONSULTANCY-ENERGY-ENERGY USE-ENERGY EFFICIENCY | ||
| 942 | _n0 | ||
| 999 |
_c70611 _d70611 |
||